01444nam a2200277 a 4500001001000000003000900010005001700019008003600036040002500072082002800097100002400125245011400149260006600263300002800329490002800357505040600385650003000791650003300821650004500854700003600899700003700935910004000972942001201012952012501024999001701149000029937DO-SdBNP20240419104537.0110427s1985 dr a r 000 0 spa d aDO-SdBNPbspacBPMSU 4a791.8bP592g 1985 2221 aPichardo, José M.10aGallos y galleros /cJosé M. Pichardo ; ilustraciones de Guillo Pérez ; edición Pilar Soto de Rainieri. aSanto Domingo :bSociedad Dominicana de Bibliófilos,c1985. a152 p. :bil. ;c20 cm.0 aCultura dominicana,v56 0aRiña de gallos 23 -- Gallos de riña o pelea 49 -- Colores y matices de los plumajes 59 -- El gallero 63 -- Adiestramiento y cuidado de los gallos 71 -- Concertación de peleas y apuestas 77 -- Careos y careadores 81 -- Las heridas y sus nombres 87 -- Argot gallístico 93 -- El destino inexorable 111 -- El ocaso de un caudillo 117 -- La proeza del gallo canelo 123 -- Crónicas gallisticas 129 4aPeleas de gallosxJuegos. 4aGallos de pelea xHistoria.  4aPeleas de galloszRepública Dominicana1 aPérez, Guilloeilustración 1 aSoto de Rainieri, Pilareeditora aVMateo V. Control de calidad. BPMSU 2ddccBK 00102ddc40708CDaBPMETbBPMETd2024-04-19l0oBPMSU CD 791.8 P592g 1985 pBPMSU24040023r2024-04-19w2024-04-19yBK c14633d14633